Zawody w j. niemieckim - Statystyki

Ogólne statystyki
  • Ten quiz został rozwiązany 350 razy
  • Średni wynik to 13 z 38
Statystyki odpowiedzi
PL DE % Poprawnych
lekarz der Arzt
93%
lekarka die Ärztin
81%
kucharz der Koch
68%
nauczyciel der Lehrer
56%
kucharka die Köchin
56%
nauczycielka die Lehrerin
53%
fotograf der Fotograf
48%
policjant der Polizist
46%
dziennikarz der Journalist
43%
kelner der Kellner
43%
policjantka die Polizistin
41%
informatyk der Informatiker
39%
fotografka die Fotografin
39%
fryzjer der Friseur
37%
dziennikarka die Journalistin
37%
mechanik der Mechaniker
36%
kelnerka die Kellnerin
36%
fryzjerka die Friseurin
32%
informatyczka die Informatikerin
32%
sprzedawca der Verkäufer
30%
mechaniczka die Mechanikerin
29%
sprzedawczyni die Verkäuferin
26%
elektryk der Elektriker
25%
inżynier der Ingenieur
24%
menadżer der Manager
23%
pielęgniarka die Krankenschwester
22%
kierowca autobusu der Busfahrer
21%
kierowczyni autobusu die Busfahrerin
19%
elektryczka die Elektrikerin
19%
inżynierka die Ingenieurin
19%
menadżerka die Managerin
18%
urzędnik bankowy der Bankkaufmann
14%
urzędniczka bankowa die Bankkauffrau
12%
pielęgniarz der Krankenpfleger
11%
kupiec der Kaufmann
9%
rolnik/gospodarz der Landwirt
8%
pani kupiec (xD) die Kauffrau
6%
rolniczka/gospodyni die Landwirtin
5%
Nie znaleziono quizów pasujących do podanych kryteriów
Rozkład punktacji
Procent ludzi z każdym wynikiem
Percentyl według liczby udzielonych odpowiedzi
Twoja historia wyników
Nie rozwiązałeś tego quizu